书目信息 |
| 书名: | Chemistry | |
| 作者: | G. Tyler Miller, Jr., David G. Lygre with contributions by Wesley D. Smith. | |
| 分册号: | ||
| 分册名: | 出版地: | Belmont, Calif. : |
|
| 出版社: | Wadsworth Pub. Co | |
| 出版时间: | c1991. | |
| 页数: | xxiii, 674 p. : | |
| 开本: | 25 cm. | |
| 丛书名: | ||
| 中图分类号: | ||
| 科图分类号: | ||
| 其他分类号: | O6-1 | |
| 主题词: | ||
| 电子资源: | ||
| 000 | 01143pam a2200301 a 450 | |
| 001 | E0753511995 | |
| 005 | 20070422145253.12 | |
| 008 | 900523s1991 cauab b 001 0 eng | |
| 010 | @a90039904 | |
| 020 | @a053414280X. | |
| 035 | @A(DLC) 90039904 | |
| 040 | @aDLC@cDLC@dDLC | |
| 050 | 00 | @aQD31.2@b.M48 1991 |
| 082 | 00 | @a540@2 20 |
| 090 | @aO6-1 | |
| 099 | @dO6-1@ex33=3 | |
| 100 | 1 | @aMiller, G. Tyler@q(George Tyler),@d1931- |
| 245 | 10 | @aChemistry :@ba contemporary approach / @cG. Tyler Miller, Jr., David G. Lygre with contributions by Wesley D. Smith. |
| 250 | @a3rd ed. | |
| 260 | @aBelmont, Calif. :@bWadsworth Pub. Co.,@cc1991. | |
| 300 | @axxiii, 674 p. :@bill. (some col.), maps ;@c25 cm. | |
| 504 | @aIncludes bibliographical references (p. 650-656) and index. | |
| 650 | 0 | @aChemistry. |
| 700 | 1 | @aLygre, David G. |
| 700 | 1 | @aSmith, Wesley D.,@d1930- |
| 906 | @a7@bcbc@corignew@d1@eocip@f19@gy-gencatlg | |
| 955 | @apc16 to ea00 05-23-90; ea17/ea30 to SCD 05-31-90; fg04 05-31-90; fp24 06-05-90; CIP ver. by11 03-01-91 to SL 03-05-91 | |
| 991 | @bc-GenColl@hQD31.2@i.M48 1991@p00012215484@tCopy 1@wBOOKS | |
| Chemistry : : a contemporary approach / / G. Tyler Miller, Jr., David G. Lygre with contributions by Wesley D. Smith.-3rd ed.-Belmont, Calif. : : Wadsworth Pub. Co., , c1991. |
| xxiii, 674 p. : : ill. (some col.), maps ; ; 25 cm. |
| Includes bibliographical references (p. 650-656) and index. |
| ISBN 053414280X. |
| ● |
| 相关链接 |
|
|
|
|
正题名:Chemistry
索取号:O6-1/x33=3
 
预约/预借
| 序号 | 登录号 | 条形码 | 馆藏地/架位号 | 状态 | 备注 |
| 1 | 0004477 | 300044770 | 第二样本阅览室/ [索取号:O6-1/x33=3] | 在馆 | |
| 2 | 0004478 | 300044789 | 第四借阅区/ [索取号:O6-1/x33=3] | 在馆 |